Hélices. Poemas (1918-1922).
I tiakina i:
| Kaituhi matua: | |
|---|---|
| Ētahi atu kaituhi: | |
| Hōputu: | Tē mōhiotia |
| I whakaputaina: |
Madrid, España:
Cátedra,
2021.
|
| Putanga: | 1ª. edición. |
| Rangatū: | Letras Hispánicas;
|
| Ngā marau: | |
| Ngā Tūtohu: |
Tāpirihia he Tūtohu
Kāore He Tūtohu, Me noho koe te mea tuatahi ki te tūtohu i tēnei pūkete!
|
MARC
| LEADER | 00000 a2200000 4500 | ||
|---|---|---|---|
| 003 | CL-VaPUC | ||
| 005 | 20230807095614.0 | ||
| 008 | 230731t2021 ||||| |||| 00| 0 eng d | ||
| 999 | |c 441456 |d 441454 | ||
| 020 | |a 978-84-376-4239-0 | ||
| 040 | |c Pontificia Universidad Católica de Valparaíso | ||
| 082 | 7 | |a 861 TOR 2021 |2 22 | |
| 100 | |a Torre, Guillermo de |9 319772 |e autor | ||
| 245 | |a Hélices. |b Poemas (1918-1922). | ||
| 250 | |a 1ª. edición. | ||
| 260 | |a Madrid, España: |b Cátedra, |c 2021. | ||
| 300 | |a 275 páginas. | ||
| 440 | |a Letras Hispánicas; |9 861437 |n 847. | ||
| 583 | |k GC |c 20230731 | ||
| 650 | 0 | |a Poesía española |9 264938 | |
| 700 | |a Ródenas de Moya, Domingo |e edición |9 883970 | ||
| 942 | |2 ddc |c BK | ||
| 952 | |0 0 |1 0 |2 ddc |4 0 |6 861_000000000000000_TOR_2021 |7 0 |8 A |9 591037 |a BIBEDU |b BIBEDU |c GEN |d 2023-07-28 |e 3 |g 21480.00 |i 5658221 |o 861 TOR 2021 |p 5658221 |r 2023-07-28 |t 1 |v 21480.00 |w 2023-07-28 |y BK |k LIT | ||